Statistics for Quick math quiz only a short quiz 8

Click here to take the quiz!

General Stats

  • This quiz has been taken 20 times
  • The average score is 14 of 15

Answer Stats

HintAnswer% Correct
2 x 5 =10
100%
3 x 5 =15
100%
5 x 5 =25
100%
1 x 5 =5
100%
4 x 520
92%
6 X 5 =30
92%
9 x 5 =45
92%
10 x 5 =50
92%
11 x 5 =55
92%
12 x 5 =60
92%
13 x 5 =65
92%
14 x 5 =70
92%
15 x 5 =75
85%
7 X 5 =35
77%
8 X 5 =40
77%

Score Distribution

Percentile by Number Answered

Percent of People with Each Score

Your Score History

You have not taken this quiz